Central Library OPAC University of Rajshahi

Genetic transformation and chromosomal mapping of transgene in Arabidopsis thaliana L. / (Record no. 80305)

MARC details
000 -LEADER
fixed length control field 00877nam a22002417a 4500
001 - CONTROL NUMBER
RUCL Control Number 80305
003 - CONTROL NUMBER IDENTIFIER
rucl marc code BD-RjUL
005 - DATE AND TIME OF LATEST TRANSACTION
control field 20230405110043.0
008 - FIXED-LENGTH DATA ELEMENTS--GENERAL INFORMATION
fixed length control field 220905s2006 bg a|||| m||| 00| 0 eng d
035 ## - SYSTEM CONTROL NUMBER
system control number (BD-RjUL)80305
040 ## - CATALOGING SOURCE
Original cataloging agency BD-RjUL
Language of cataloging eng
Transcribing agency BD-RjUL
Modifying agency BD-RjUL
041 ## - LANGUAGE CODE
Language code of Book eng
082 ## - DEWEY DECIMAL CLASSIFICATION NUMBER
DDC Edition number 23
Classification number 579.135
Author mark and Year BIG 2006
100 ## - MAIN ENTRY--PERSONAL NAME
Personal name Biswas, Manosh Kumar
9 (RLIN) 4645
245 10 - TITLE STATEMENT
Title Genetic transformation and chromosomal mapping of transgene in Arabidopsis thaliana L. /
Statement of responsibility, etc Manosh Kumar Biswas ;
Name of Supervisor/Co-Supervisor Supervisor : Monzur, Hossain
260 ## - PUBLICATION, DISTRIBUTION, ETC. (IMPRINT)
Place of publication, distribution, etc Rajshahi :
Name of publisher, distributor, etc Department of Botany, University of Rajshahi,
Date of publication, distribution, etc 2006
300 ## - PHYSICAL DESCRIPTION
Pagination iii, 121 leaves :
Other physical details ill, ;
Dimensions 29.cm.
502 ## - DISSERTATION NOTE
Dissertation note Thesis (M. Phil.) -- Department of Botany, University of Rajshahi, 2006
504 ## - BIBLIOGRAPHY, ETC. NOTE
Bibliography, etc References : Leaves 109 - 121
650 ## - SUBJECT ADDED ENTRY--TOPICAL TERM
Topical term or geographic name as entry element Genetics
700 ## - ADDED ENTRY--SUPERVISOR/CO-SUPERVISOR NAME
Personal name Hossain, Monzur, Supervisor
9 (RLIN) 4646
942 ## - ADDED ENTRY ELEMENTS (KOHA)
Source of classification or shelving scheme Dewey Decimal Classification
Koha item type Theses
Holdings
Source of classification or shelving scheme Damaged status Not for loan Collection code Permanent Location Current Location Shelving location Date of accession Source of acquisition Total Checkouts Full call number Barcode Date last seen Copy number Thesis
Dewey Decimal Classification   Not For Loan Theses Central Library, University of Rajshahi Central Library, University of Rajshahi Documentation Section 08/06/2010 Controller of Exam. R.U   THE 579.135 BIG 2006 D3093 05/09/2022 C-1 Theses